Microwave signals and systems engineering / (Record no. 181831)
[ view plain ]
| 000 -LEADER | |
|---|---|
| fixed length control field | 00992 a2200193 4500 |
| 003 - CONTROL NUMBER IDENTIFIER | |
| control field | Nust |
| 005 - DATE AND TIME OF LATEST TRANSACTION | |
| control field | 20221123124442.0 |
| 020 ## - INTERNATIONAL STANDARD BOOK NUMBER | |
| International Standard Book Number | 8174090940 |
| 040 ## - CATALOGING SOURCE | |
| Transcribing agency | Nust |
| 082 ## - DEWEY DECIMAL CLASSIFICATION NUMBER | |
| Classification number | 621.3813,DAS |
| 100 ## - MAIN ENTRY--PERSONAL NAME | |
| Personal name | Das, Sajal K. |
| 9 (RLIN) | 103414 |
| 245 ## - TITLE STATEMENT | |
| Title | Microwave signals and systems engineering / |
| Statement of responsibility, etc. | Das Sajal K. |
| 250 ## - EDITION STATEMENT | |
| Edition statement | 1st ed |
| 260 ## - PUBLICATION, DISTRIBUTION, ETC. | |
| Place of publication, distribution, etc. | Delhi |
| Name of publisher, distributor, etc. | Khanna Publiser |
| Date of publication, distribution, etc. | 2000 |
| 300 ## - PHYSICAL DESCRIPTION | |
| Extent | 323 p. |
| Other physical details | illus |
| Dimensions | 24 cm |
| 505 ## - FORMATTED CONTENTS NOTE | |
| Formatted contents note | Electromagnetic Spectrum and Introduction to Microwave (Page-1), electromagnetic Field Theory (Page-10), Transmission Line (Page-31), Smith Chart (Page-58), Wave Guides (Page-66), Planar Transmission Line (Page-113), Network Parameters Analysis (Page-124), Microwave Components (Page-144), Microwave Sources (Page-179), Microwave Measurements Techniques (Page-210), Antenna (Page-225), Radar Systems Microwave Communication (Page-280), Electromagnetic Interface and Electromagnetic Compatibility (Page-305). |
| 650 ## - SUBJECT ADDED ENTRY--TOPICAL TERM | |
| Topical term or geographic name entry element | Telecommunication Engineering |
| 942 ## - ADDED ENTRY ELEMENTS (KOHA) | |
| Source of classification or shelving scheme | |
| Koha item type | Book |
| Withdrawn status | Lost status | Source of classification or shelving scheme | Damaged status | Not for loan | Permanent Location | Current Location | Shelving location | Date acquired | Full call number | Barcode | Date last seen | Price effective from | Koha item type | Public note |
|---|---|---|---|---|---|---|---|---|---|---|---|---|---|---|
| Military College of Signals (MCS) | Military College of Signals (MCS) | General Stacks | 12/12/2016 | 621.3813,DAS | MCS30300 | 12/08/2016 | 12/12/2016 | Book | Almirah No.32, Shelf No.2 |
